[Event "HUN-chT2 Charousek 0607"]
[Site "Hungary"]
[Date "2007.05.06"]
[Round "10"]
[White "Asztalos, Viktor"]
[Black "Kolus, Lajos"]
[Result "1-0"]
[WhiteElo "2219"]
[BlackElo "2196"]
[PlyCount "153"]
[EventDate "2006.11.12"]
[EventType "team"]
[EventRounds "11"]
[EventCountry "HUN"]
[SourceTitle "EXT 2008"]
[Source "ChessBase"]
[SourceDate "2007.11.25"]
[SourceVersion "1"]
[SourceVersionDate "2007.11.25"]
[SourceQuality "1"]
[WhiteTeam "Lovo"]
[BlackTeam "Penzugyor"]
[WhiteTeamCountry "HUN"]
[BlackTeamCountry "HUN"]

1. Nf3 Nf6 2. b3 d6 3. Bb2 e5 4. d3 Be7 5. g3 c6 6. Bg2 0-0 7. Nbd2 a5 8. a3 Bg4 9. h3 Be6 10. 0-0 Na6 11. e4 c5 12. Ne1 Nd7 13. f4 f6 14. f5 Bf7 15. c4 Nc7 16. Nc2 b5 17. Ne3 Nb6 18. Nb1 Qd7 19. Qd2 bxc4 20. bxc4 Na4 21. Nc3 Nxb2 22. Qxb2 Rfb8 23. Qc2 Rb7 24. Rfb1 Rab8 25. Rxb7 Rxb7 26. Rb1 Qc8 27. Qa4 Rxb1+ 28. Nxb1 Be8 29. Qxa5 Qb8 30. Nd2 Bd8 31. Qc3 Qa7 32. Qb2 Ba4 33. Nb1 Bc6 34. Nc3 Ne8 35. Kf2 Kf8 36. Bf3 Ba5 37. Bd1 Nc7 38. g4 Ke7 39. Qb3 Qa8 40. Nb5 Qb7 41. Nxc7 Qxc7 42. Qb2 Qa7 43. h4 h6 44. Ke2 Kd7 45. Nd5 Bxd5 46. exd5 Qb6 47. Ba4+ Kc7 48. Bb5 Qa7 49. Qb3 Bb6 50. Ba4 Qa5 51. Qb5 Qxb5 52. cxb5 Ba5 53. Bd1 Kb6 54. a4 Bc3 55. g5 hxg5 56. hxg5 Bb2 57. Kf3 Bc1 58. gxf6 gxf6 59. Kg4 Bd2 60. Kh5 e4 61. dxe4 Bc3 62. Kg6 Bd4 63. Kf7 c4 64. Ke6 Be5 65. Be2 c3 66. Bd3 Kc5 67. Kd7 c2 68. Bxc2 Bc3 69. Ke6 Be5 70. Bd3 Kb6 71. Kd7 Bf4 72. a5+ Kxa5 73. Kc6 Be3 74. Kxd6 Kb6 75. Ke7 Bd4 76. d6 Bc5 77. e5 1-0

[Event "HUN-chT2 Charousek 0506"]
[Site "Hungary"]
[Date "2006.02.26"]
[Round "8"]
[White "Berta, Krisztian"]
[Black "Asztalos, Viktor"]
[Result "1/2-1/2"]
[WhiteElo "2244"]
[BlackElo "2213"]
[PlyCount "20"]
[EventDate "2005.10.16"]
[EventType "team"]
[EventRounds "11"]
[EventCountry "HUN"]
[SourceTitle "EXT 2009"]
[Source "ChessBase"]
[SourceDate "2008.11.26"]
[SourceVersion "1"]
[SourceVersionDate "2008.11.26"]
[SourceQuality "1"]
[WhiteTeam "Keszthely"]
[BlackTeam "Husi"]
[WhiteTeamCountry "HUN"]
[BlackTeamCountry "HUN"]

1. e4 c5 2. Nc3 d6 3. f4 Nf6 4. Nf3 Nc6 5. Bc4 e6 6. d3 a6 7. a4 d5 8. Ba2 dxe4 9. dxe4 Qxd1+ 10. Kxd1 b6 1/2-1/2

[Event "HUN-chT2 Charousek 0506"]
[Site "Hungary"]
[Date "2005.10.30"]
[Round "2"]
[White "Asztalos, Viktor"]
[Black "Katai, David"]
[Result "1/2-1/2"]
[WhiteElo "2213"]
[BlackElo "2185"]
[PlyCount "43"]
[EventDate "2005.10.16"]
[EventType "team"]
[EventRounds "11"]
[EventCountry "HUN"]
[SourceTitle "EXT 2009"]
[Source "ChessBase"]
[SourceDate "2008.11.26"]
[SourceVersion "1"]
[SourceVersionDate "2008.11.26"]
[SourceQuality "1"]
[WhiteTeam "Husi"]
[BlackTeam "Szenna Pack"]
[WhiteTeamCountry "HUN"]
[BlackTeamCountry "HUN"]

1. e4 c5 2. Nf3 d6 3. d4 cxd4 4. Nxd4 Nf6 5. Nc3 a6 6. Be2 e6 7. a4 Nc6 8. 0-0 Be7 9. Nb3 b6 10. Kh1 0-0 11. f4 Qc7 12. Bd3 Bb7 13. Qe2 Nd7 14. Nd1 Nb4 15. Bd2 Nxd3 16. cxd3 Nc5 17. Nd4 Bf6 18. Nf3 Nb3 19. Ra3 Nxd2 20. Qxd2 Rac8 21. Ne3 b5 22. axb5 1/2-1/2

[Event "HUN-chT2 Breyer 0405"]
[Site "Hungary"]
[Date "2005.03.06"]
[Round "9"]
[White "Asztalos, Viktor"]
[Black "Hardicsay, Peter"]
[Result "1/2-1/2"]
[WhiteElo "2196"]
[BlackElo "2307"]
[PlyCount "30"]
[EventDate "2004.09.26"]
[EventType "team"]
[EventRounds "11"]
[EventCountry "HUN"]
[SourceTitle "EXT 2009"]
[Source "ChessBase"]
[SourceDate "2008.11.26"]
[SourceVersion "1"]
[SourceVersionDate "2008.11.26"]
[SourceQuality "1"]
[WhiteTeam "Husi II"]
[BlackTeam "Balatonfuered"]
[WhiteTeamCountry "HUN"]
[BlackTeamCountry "HUN"]

1. e4 c5 2. Nf3 Nc6 3. d4 cxd4 4. Nxd4 e5 5. Nb5 d6 6. Bc4 Be6 7. Bb3 a6 8. N5c3 Nf6 9. Bg5 Be7 10. Bxf6 Bxf6 11. Nd5 0-0 12. Nbc3 Bg5 13. h4 Bh6 14. g4 Bf4 15. g5 Kh8 1/2-1/2

[Event "HUN-chT2 Maroczy 0304"]
[Site "Hungary"]
[Date "2003.09.28"]
[Round "1"]
[White "Asztalos, Viktor"]
[Black "Hera, Imre Jr"]
[Result "1/2-1/2"]
[WhiteElo "2206"]
[BlackElo "2333"]
[PlyCount "37"]
[EventDate "2003.09.28"]
[EventType "team"]
[EventRounds "11"]
[EventCountry "HUN"]
[SourceTitle "EXT 2005"]
[Source "ChessBase"]
[SourceDate "2004.11.15"]
[SourceVersion "1"]
[SourceVersionDate "2004.11.15"]
[SourceQuality "1"]

1. e4 c5 2. Nf3 e6 3. d4 cxd4 4. Nxd4 a6 5. Nc3 b5 6. Bd3 Bb7 7. 0-0 Qb6 8. Nb3 Qc7 9. Re1 Bd6 10. g3 Be5 11. Bd2 Nf6 12. f4 Bd6 13. e5 Bc5+ 14. Kf1 Nd5 15. Ne4 Be7 16. Ba5 Qc8 17. f5 Nc6 18. Qg4 Kf8 19. Ng5 1/2-1/2

[Event "Eger Agria op"]
[Site "Eger"]
[Date "2002.08.08"]
[Round "4.3"]
[White "Iglesias, Jorge"]
[Black "Asztalos, Viktor"]
[Result "1-0"]
[WhiteElo "2366"]
[BlackElo "2191"]
[PlyCount "57"]
[EventDate "2002.08.??"]
[EventType "swiss"]
[EventRounds "9"]
[EventCountry "HUN"]
[SourceTitle "EXT 2004"]
[Source "ChessBase"]
[SourceDate "2003.11.25"]
[SourceVersion "1"]
[SourceVersionDate "2003.11.25"]
[SourceQuality "1"]

1. e4 c5 2. Nf3 d6 3. Bb5+ Bd7 4. Bxd7+ Qxd7 5. 0-0 Nc6 6. c3 Nf6 7. d4 cxd4 8. cxd4 d5 9. e5 Ne4 10. Ne1 h6 11. f3 Ng5 12. Nc3 e6 13. Be3 Na5 14. Nd3 Be7 15. Qe2 Nh7 16. Rac1 b6 17. f4 0-0 18. g4 f5 19. Kh1 Kh8 20. Rg1 g5 21. Rcf1 Nc6 22. Qg2 fxg4 23. Qxg4 Rf5 24. Ne2 Raf8 25. Nc3 R5f7 26. Qh5 Kg7 27. h4 Rh8 28. fxg5 Rxf1 29. gxh6+ 1-0

[Event "Miskolc Avas op 7th"]
[Site "Miskolc"]
[Date "2002.07.27"]
[Round "6"]
[White "Asztalos, Viktor"]
[Black "Kotan, Ladislav"]
[Result "0-1"]
[WhiteElo "2191"]
[BlackElo "2365"]
[PlyCount "84"]
[EventDate "2002.07.??"]
[EventType "swiss"]
[EventRounds "7"]
[EventCountry "HUN"]
[SourceTitle "EXT 2004"]
[Source "ChessBase"]
[SourceDate "2003.11.25"]
[SourceVersion "1"]
[SourceVersionDate "2003.11.25"]
[SourceQuality "1"]

1. e4 e5 2. Nf3 Nc6 3. Bb5 a6 4. Ba4 Nf6 5. 0-0 Be7 6. Re1 b5 7. Bb3 d6 8. c3 0-0 9. h3 a5 10. a4 b4 11. d4 bxc3 12. bxc3 exd4 13. cxd4 d5 14. e5 Ne4 15. Nbd2 Bf5 16. Bb2 Nxd2 17. Qxd2 Rb8 18. Ba2 Be4 19. Nh2 Nb4 20. Bb1 Bxb1 21. Rexb1 Qd7 22. Bc3 Qf5 23. Ng4 Rb6 24. Bxb4 Bxb4 25. Qe3 Bd2 26. Rxb6 Bxe3 27. Nxe3 Qe4 28. Rb7 Qxd4 29. Rd1 Qxe5 30. Rxd5 Qa1+ 31. Rd1 Qxa4 32. Rxc7 h6 33. Ra7 Rb8 34. g3 Rb3 35. Rdd7 Rb1+ 36. Kh2 Qc6 37. Ng2 Qc1 38. g4 Qh1+ 39. Kg3 Rg1 40. Rxf7 Rxg2+ 41. Kh4 Qa1 42. f4 g6 0-1

[Event "Miskolc Avas op 7th"]
[Site "Miskolc"]
[Date "2002.07.27"]
[Round "5"]
[White "Popovics, Adam"]
[Black "Asztalos, Viktor"]
[Result "1/2-1/2"]
[WhiteElo "2351"]
[BlackElo "2191"]
[PlyCount "51"]
[EventDate "2002.07.??"]
[EventType "swiss"]
[EventRounds "7"]
[EventCountry "HUN"]
[SourceTitle "EXT 2004"]
[Source "ChessBase"]
[SourceDate "2003.11.25"]
[SourceVersion "1"]
[SourceVersionDate "2003.11.25"]
[SourceQuality "1"]

1. d4 Nf6 2. c4 e6 3. Nc3 Bb4 4. Bg5 h6 5. Bh4 c5 6. d5 0-0 7. e3 e5 8. f3 d6 9. Bd3 Bxc3+ 10. bxc3 Qe7 11. Qc2 Re8 12. Ne2 Nbd7 13. Ng3 Nf8 14. Bf5 Qd8 15. Bxc8 Rxc8 16. Nf5 Ng6 17. Bg3 Qd7 18. e4 Nh5 19. Bf2 Kh7 20. h4 Ne7 21. g4 Nf4 22. Nxe7 Qxe7 23. h5 g5 24. hxg6+ fxg6 25. Bg3 Qf6 26. Rb1 1/2-1/2

[Event "HUN-chT2 0102"]
[Site "Hungary"]
[Date "2002.04.21"]
[Round "11"]
[White "Asztalos, Viktor"]
[Black "Karacsony, Attila"]
[Result "0-1"]
[WhiteElo "2188"]
[BlackElo "2298"]
[PlyCount "96"]
[EventDate "2001.??.??"]
[EventType "team"]
[EventRounds "11"]
[EventCountry "HUN"]
[SourceTitle "EXT 2004"]
[Source "ChessBase"]
[SourceDate "2003.11.25"]
[SourceVersion "1"]
[SourceVersionDate "2003.11.25"]
[SourceQuality "1"]

1. e4 d6 2. d4 Nf6 3. Nc3 g6 4. f3 c6 5. Be3 b5 6. Qd2 a6 7. a4 Bb7 8. Nh3 Nbd7 9. Be2 Bg7 10. Nf2 Qc7 11. 0-0 b4 12. Ncd1 a5 13. c3 bxc3 14. bxc3 0-0 15. Bh6 Ba6 16. Bxg7 Kxg7 17. Ne3 Rfb8 18. Rfb1 Bxe2 19. Qxe2 Ra7 20. Nc4 Nb6 21. Nd2 Nfd7 22. Nd1 e5 23. Qd3 Rd8 24. Ne3 f6 25. Nec4 d5 26. Ne3 Qd6 27. Nb3 dxe4 28. Qxe4 Nd5 29. Nc4 Qc7 30. Qc2 c5 31. dxe5 Nxe5 32. Nxe5 Qxe5 33. Re1 Ne3 34. Qf2 Re8 35. Nd2 Rae7 36. Ne4 Nd5 37. Rec1 Nf4 38. Qd2 Re6 39. Rab1 f5 40. Ng3 R8e7 41. Rd1 h5 42. c4 h4 43. Re1 Qxe1+ 44. Rxe1 Rxe1+ 45. Kf2 hxg3+ 46. Kxg3 g5 47. h4 R1e2 48. Qc3+ Kg6 0-1

[Event "HUN-chT2 0102"]
[Site "Hungary"]
[Date "2001.12.02"]
[Round "4"]
[White "Ladanyi, Tibor"]
[Black "Asztalos, Viktor"]
[Result "1-0"]
[WhiteElo "2267"]
[BlackElo "2188"]
[PlyCount "65"]
[EventDate "2001.??.??"]
[EventType "team"]
[EventRounds "11"]
[EventCountry "HUN"]
[SourceTitle "EXT 2004"]
[Source "ChessBase"]
[SourceDate "2003.11.25"]
[SourceVersion "1"]
[SourceVersionDate "2003.11.25"]
[SourceQuality "1"]

1. d4 Nf6 2. c4 e6 3. Nc3 Bb4 4. Nf3 b6 5. Bg5 h6 6. Bh4 g5 7. Bg3 Ne4 8. Rc1 Bxc3+ 9. bxc3 d6 10. Nd2 Nxg3 11. hxg3 Bb7 12. e4 Qf6 13. Qa4+ Bc6 14. Qa3 Nd7 15. Be2 e5 16. c5 dxc5 17. d5 Bb7 18. Nc4 a5 19. Bg4 Rd8 20. Qa4 Ke7 21. Ne3 c6 22. 0-0 h5 23. Bf5 Nb8 24. Rcd1 Na6 25. Rfe1 Rhe8 26. Rd2 cxd5 27. exd5 Kf8 28. Qd1 Qh6 29. Be4 Bc8 30. d6 Re6 31. d7 Bxd7 32. Rxd7 Rd6 33. Rxd8+ 1-0

[Event "HUN-ch univ"]
[Site "Hungary"]
[Date "2000.??.??"]
[Round "?"]
[White "Donka, Peter"]
[Black "Asztalos, Viktor"]
[Result "1-0"]
[WhiteElo "2235"]
[BlackElo "2220"]
[PlyCount "83"]
[EventDate "2000.??.??"]
[EventType "swiss"]
[EventRounds "7"]
[EventCountry "HUN"]
[SourceTitle "EXT 2004"]
[Source "ChessBase"]
[SourceDate "2003.11.25"]
[SourceVersion "1"]
[SourceVersionDate "2003.11.25"]
[SourceQuality "1"]

1. d4 d5 2. Nf3 e6 3. e3 Nf6 4. Bd3 c5 5. b3 Be7 6. Bb2 0-0 7. Nbd2 Nc6 8. a3 Nd7 9. 0-0 Bf6 10. c4 b6 11. Qc2 h6 12. Rac1 Ba6 13. Rfd1 Rc8 14. Bh7+ Kh8 15. cxd5 exd5 16. Bd3 Bb7 17. Qb1 Qe7 18. Bf5 Nd8 19. Ne5 Ne6 20. Ndf3 Rc7 21. Ng4 Rfc8 22. Nxf6 Nxf6 23. dxc5 Rxc5 24. Rxc5 bxc5 25. Ne5 Rc7 26. Bg6 Qe8 27. Bf5 Nd7 28. Qa1 Ndf8 29. Ng4 d4 30. exd4 cxd4 31. Bxd4 Qb5 32. Be5 Rc5 33. Nxh6 f6 34. Bxe6 Qc6 35. Nf7+ Kh7 36. Bh3 fxe5 37. Nxe5 Qf6 38. Nc4 Qf4 39. Qd4 Rd5 40. Qa1 Rh5 41. Rd3 Bxg2 42. Rg3 1-0

[Event "HUN-chT2 9900"]
[Site "Hungary"]
[Date "1999.09.26"]
[Round "1"]
[White "Asztalos, Viktor"]
[Black "Varga, Laszlo"]
[Result "1/2-1/2"]
[WhiteElo "2258"]
[BlackElo "2179"]
[PlyCount "41"]
[EventDate "1999.09.26"]
[EventType "team"]
[EventRounds "11"]
[EventCountry "HUN"]
[SourceTitle "EXT 2002"]
[Source "ChessBase"]
[SourceDate "2001.11.25"]
[SourceVersion "1"]
[SourceVersionDate "2001.11.25"]
[SourceQuality "1"]

1. e4 e6 2. d4 d5 3. Nc3 Bb4 4. e5 c5 5. Bd2 Ne7 6. dxc5 Bxc5 7. Na4 Bb6 8. Qg4 Nf5 9. Bd3 h5 10. Qf4 Bc7 11. 0-0-0 Nc6 12. Nf3 Qe7 13. Nc3 g6 14. Bxf5 gxf5 15. Qg3 h4 16. Qg7 Qf8 17. Qg5 a6 18. g3 h3 19. Qe3 Bd7 20. Ne2 0-0-0 21. Ned4 1/2-1/2

[Event "HUN-chT2 9899"]
[Site "Hungary"]
[Date "1999.??.??"]
[Round "?"]
[White "Asztalos, Viktor"]
[Black "Bai, Attila"]
[Result "0-1"]
[WhiteElo "2235"]
[BlackElo "2255"]
[PlyCount "66"]
[EventDate "1998.??.??"]
[EventType "team"]
[EventRounds "12"]
[EventCountry "HUN"]
[SourceTitle "EXT 2000"]
[Source "ChessBase"]
[SourceDate "1999.11.16"]
[SourceVersion "1"]
[SourceVersionDate "1999.11.16"]
[SourceQuality "1"]

1. e4 c5 2. Nf3 Nc6 3. d4 cxd4 4. Nxd4 Nf6 5. Nc3 e5 6. Ndb5 d6 7. Bg5 a6 8. Na3 b5 9. Nd5 Be7 10. Bxf6 Bxf6 11. c3 Ne7 12. Nxe7 Bxe7 13. Nc2 Bb7 14. Qg4 Bg5 15. Bd3 0-0 16. 0-0 g6 17. a4 d5 18. Qe2 f5 19. f3 Qc7 20. axb5 axb5 21. exd5 Rxa1 22. Rxa1 Bxd5 23. Qf2 Be7 24. Ra7 Qc5 25. b4 Qxc3 26. Rxe7 Qxd3 27. Rxe5 Bb3 28. Nd4 Bc4 29. Re1 Qc3 30. Nc6 Ra8 31. h3 Bf7 32. Ne7+ Kf8 33. Qh4 h5 0-1

[Event "HUN-chT2 9899"]
[Site "Hungary"]
[Date "1999.??.??"]
[Round "?"]
[White "Asztalos, Viktor"]
[Black "Gonczi, Jozsef"]
[Result "1-0"]
[WhiteElo "2255"]
[BlackElo "2210"]
[PlyCount "89"]
[EventDate "1998.??.??"]
[EventType "team"]
[EventRounds "12"]
[EventCountry "HUN"]
[SourceTitle "EXT 2000"]
[Source "ChessBase"]
[SourceDate "1999.11.16"]
[SourceVersion "1"]
[SourceVersionDate "1999.11.16"]
[SourceQuality "1"]

1. e4 c5 2. Nf3 Nc6 3. d4 cxd4 4. Nxd4 g6 5. Be2 Nf6 6. Nc3 Bg7 7. Nb3 0-0 8. 0-0 d6 9. Re1 Be6 10. Bf1 Rc8 11. Nd5 Bxd5 12. exd5 Nb4 13. c4 b5 14. Bd2 bxc4 15. Bxb4 cxb3 16. axb3 Qc7 17. Bc3 h5 18. h3 Rb8 19. Bd4 a5 20. Bc3 Rfe8 21. Bc4 Nd7 22. Bxa5 Qc5 23. Bd2 Bxb2 24. Be3 Qb4 25. Ra4 Qc3 26. Bd2 Qf6 27. Ra7 Ne5 28. Be3 Rec8 29. Qe2 Bc3 30. Rc1 Nxc4 31. bxc4 Rb2 32. Qd3 Be5 33. Qe4 Rb3 34. g3 h4 35. gxh4 Rb2 36. Qg4 Rcb8 37. h5 Kg7 38. hxg6 fxg6 39. Rf1 Rh8 40. Bg5 Qf5 41. Rxe7+ Kf8 42. Qxf5+ gxf5 43. h4 Rg8 44. Rc7 Rc2 45. Rb1 1-0

[Event "HUN-chT2 9899"]
[Site "Hungary"]
[Date "1999.??.??"]
[Round "?"]
[White "Asztalos, Viktor"]
[Black "Vrona, Mihail"]
[Result "1-0"]
[WhiteElo "2235"]
[BlackElo "2205"]
[PlyCount "47"]
[EventDate "1998.??.??"]
[EventType "team"]
[EventRounds "12"]
[EventCountry "HUN"]
[SourceTitle "EXT 2000"]
[Source "ChessBase"]
[SourceDate "1999.11.16"]
[SourceVersion "1"]
[SourceVersionDate "1999.11.16"]
[SourceQuality "1"]

1. e4 e5 2. Nf3 Nc6 3. Bb5 a6 4. Ba4 d6 5. 0-0 Bg4 6. c3 Qf6 7. d3 Nge7 8. Re1 Ng6 9. Be3 Nh4 10. Nbd2 Be7 11. Bxc6+ bxc6 12. Qa4 Nxf3+ 13. Nxf3 Bd7 14. Qa5 Qe6 15. d4 0-0 16. dxe5 Rfb8 17. Nd4 Qg6 18. Nf5 Bd8 19. exd6 Rb5 20. dxc7 Bf6 21. Qa3 Bxf5 22. exf5 Qxf5 23. Bd4 Qf4 24. Qxa6 1-0

[Event "Godal Memorial"]
[Site "Hungary"]
[Date "1999.??.??"]
[Round "7"]
[White "Halasz, Ferenc"]
[Black "Asztalos, Viktor"]
[Result "1/2-1/2"]
[WhiteElo "2090"]
[BlackElo "2255"]
[PlyCount "29"]
[EventDate "1999.??.??"]
[EventType "swiss"]
[EventRounds "9"]
[EventCountry "HUN"]
[SourceTitle "EXT 2000"]
[Source "ChessBase"]
[SourceDate "1999.11.16"]
[SourceVersion "1"]
[SourceVersionDate "1999.11.16"]
[SourceQuality "1"]

1. Nf3 Nf6 2. c4 c5 3. Nc3 g6 4. g3 Bg7 5. Bg2 0-0 6. 0-0 Nc6 7. a3 d6 8. d4 cxd4 9. Nxd4 Bd7 10. Be3 Nxd4 11. Bxd4 Bc6 12. Nd5 Nxd5 13. Bxd5 Bxd5 14. Bxg7 Kxg7 15. cxd5 1/2-1/2

[Event "Godal Memorial"]
[Site "Hungary"]
[Date "1999.??.??"]
[Round "9"]
[White "Nagy, Kalman"]
[Black "Asztalos, Viktor"]
[Result "1-0"]
[WhiteElo "2170"]
[BlackElo "2255"]
[PlyCount "55"]
[EventDate "1999.??.??"]
[EventType "swiss"]
[EventRounds "9"]
[EventCountry "HUN"]
[SourceTitle "EXT 2000"]
[Source "ChessBase"]
[SourceDate "1999.11.16"]
[SourceVersion "1"]
[SourceVersionDate "1999.11.16"]
[SourceQuality "1"]

1. e4 c5 2. g3 d6 3. Bg2 Nf6 4. Ne2 e6 5. 0-0 Be7 6. c3 Nc6 7. d4 cxd4 8. cxd4 e5 9. d5 Nb8 10. Nbc3 0-0 11. Kh1 Nh5 12. Ng1 g6 13. Be3 f5 14. exf5 Ng7 15. fxg6 hxg6 16. f4 Bf6 17. fxe5 Bxe5 18. Rxf8+ Qxf8 19. Nf3 Bg4 20. Qf1 Bxc3 21. bxc3 Nf5 22. Bf4 Bxf3 23. Qxf3 Nd7 24. Re1 Qg7 25. Bh3 Rf8 26. c4 Qf6 27. Bxf5 Qxf5 28. Qe4 1-0

[Event "Godal Memorial"]
[Site "Hungary"]
[Date "1999.??.??"]
[Round "1"]
[White "Pota, Lajos"]
[Black "Asztalos, Viktor"]
[Result "1/2-1/2"]
[WhiteElo "2025"]
[BlackElo "2255"]
[PlyCount "37"]
[EventDate "1999.??.??"]
[EventType "swiss"]
[EventRounds "9"]
[EventCountry "HUN"]
[SourceTitle "EXT 2000"]
[Source "ChessBase"]
[SourceDate "1999.11.16"]
[SourceVersion "1"]
[SourceVersionDate "1999.11.16"]
[SourceQuality "1"]

1. d4 Nf6 2. c4 e6 3. Nc3 Bb4 4. Bd2 0-0 5. Nf3 d5 6. e3 a6 7. cxd5 exd5 8. Bd3 Nc6 9. 0-0 Bg4 10. h3 Bh5 11. Rc1 Qd7 12. Be2 Bxc3 13. Bxc3 Bg6 14. Ne5 Nxe5 15. dxe5 Ne4 16. Qd4 Nxc3 17. Rxc3 c6 18. f4 Be4 19. Bf3 1/2-1/2

[Event "HUN-chT2 9798"]
[Site "Hungary"]
[Date "1998.??.??"]
[Round "?"]
[White "Gal, Jozsef Istvan"]
[Black "Asztalos, Viktor"]
[Result "0-1"]
[WhiteElo "2295"]
[BlackElo "2260"]
[PlyCount "54"]
[EventDate "1997.??.??"]
[EventType "team"]
[EventRounds "11"]
[EventCountry "HUN"]
[SourceTitle "EXT 1999"]
[Source "ChessBase"]
[SourceDate "1998.11.16"]
[SourceVersion "1"]
[SourceVersionDate "1998.11.16"]
[SourceQuality "1"]

1. d4 e6 2. Nf3 d5 3. g3 Nf6 4. Bg2 Be7 5. 0-0 0-0 6. Nbd2 Nbd7 7. b3 c5 8. Bb2 b6 9. c4 Bb7 10. e3 Rc8 11. Qe2 Rc7 12. Rfd1 Qa8 13. cxd5 Bxd5 14. Rac1 Rfc8 15. dxc5 Rxc5 16. Rxc5 Nxc5 17. Ne1 Bxg2 18. Nxg2 Nce4 19. Nxe4 Qxe4 20. Ne1 h6 21. f3 Qb4 22. Rd4 Qa5 23. Ra4 Qg5 24. Kg2 Nd5 25. Re4 Bb4 26. h4 Qf5 27. Re5 Qb1 0-1

[Event "HUN-chT2 9899"]
[Site "Hungary"]
[Date "1998.??.??"]
[Round "?"]
[White "Herpai, Jozsef"]
[Black "Asztalos, Viktor"]
[Result "1-0"]
[WhiteElo "2230"]
[BlackElo "2235"]
[PlyCount "71"]
[EventDate "1998.??.??"]
[EventType "team"]
[EventRounds "12"]
[EventCountry "HUN"]
[SourceTitle "EXT 2000"]
[Source "ChessBase"]
[SourceDate "1999.11.16"]
[SourceVersion "1"]
[SourceVersionDate "1999.11.16"]
[SourceQuality "1"]

1. Nf3 Nf6 2. c4 b6 3. g3 Bb7 4. Bg2 e6 5. b3 Be7 6. Bb2 d6 7. d4 Nbd7 8. 0-0 0-0 9. Nbd2 Re8 10. Re1 Bf8 11. e4 e5 12. Qc2 g6 13. Rad1 Bg7 14. dxe5 dxe5 15. Nb1 Qb8 16. Nc3 Bf8 17. Bh3 Bd6 18. Re2 Rd8 19. Qc1 Bc8 20. Qh6 Nc5 21. Nd5 Nxd5 22. Rxd5 Bxh3 23. Ng5 Be6 24. Rxe5 Bxe5 25. Bxe5 f6 26. Qxh7+ Kf8 27. Bxf6 Rd7 28. Nxe6+ Nxe6 29. Qxd7 Qe8 30. Qd2 Kf7 31. Qc3 Qd7 32. Rd2 Qc6 33. Qf3 Rf8 34. Rd5 Kg8 35. e5 Nc5 36. Qg4 1-0

[Event "HUN-chT2 9798"]
[Site "Hungary"]
[Date "1998.??.??"]
[Round "?"]
[White "Restas, Peter"]
[Black "Asztalos, Viktor"]
[Result "0-1"]
[WhiteElo "2195"]
[BlackElo "2260"]
[PlyCount "40"]
[EventDate "1997.??.??"]
[EventType "team"]
[EventRounds "11"]
[EventCountry "HUN"]
[SourceTitle "EXT 1999"]
[Source "ChessBase"]
[SourceDate "1998.11.16"]
[SourceVersion "1"]
[SourceVersionDate "1998.11.16"]
[SourceQuality "1"]

1. d4 e6 2. Nf3 b6 3. e4 Bb7 4. Bd3 c5 5. c3 Nf6 6. e5 Nd5 7. a3 d6 8. c4 Nc7 9. exd6 Bxd6 10. dxc5 Bxc5 11. 0-0 Nc6 12. b4 Bd4 13. Ra2 Ne5 14. Nxe5 Bxe5 15. Re2 Qd6 16. c5 Bxh2+ 17. Kh1 Qd5 18. Be4 Qh5 19. g4 Bxe4+ 20. Rxe4 Qh3 0-1